Tìm hiểu bộ luật hình sự nước Cộng hòa Xã hội Chủ nghĩa Việt Nam : Bình luận và chú giải
Đã lưu trong:
| Hovedforfatter: | |
|---|---|
| Format: | Bog |
| Sprog: | Undetermined |
| Udgivet: |
H.
Lao Động
2002
|
| Fag: | |
| Tags: |
Tilføj Tag
Ingen Tags, Vær først til at tagge denne postø!
|
| Thư viện lưu trữ: | Trung tâm Học liệu Trường Đại học Cần Thơ |
|---|
| LEADER | 00602nam a2200181Ia 4500 | ||
|---|---|---|---|
| 001 | CTU_50676 | ||
| 008 | 210402s9999 xx 000 0 und d | ||
| 082 | |a 345.597 | ||
| 082 | |b H561/T1 | ||
| 100 | |a TRẦN MINH HƯỞNG | ||
| 245 | 0 | |a Tìm hiểu bộ luật hình sự nước Cộng hòa Xã hội Chủ nghĩa Việt Nam : Bình luận và chú giải | |
| 245 | 0 | |c TRẦN MINH HƯỞNG | |
| 260 | |a H. | ||
| 260 | |b Lao Động | ||
| 260 | |c 2002 | ||
| 650 | |a criminal law | ||
| 650 | |z vietnam | ||
| 980 | |a Trung tâm Học liệu Trường Đại học Cần Thơ | ||